Statystyki dla Kraje afryki

Kliknij tutaj aby rozwiązać quiz!

Ogólne statystyki

  • Ten quiz został rozwiązany 1 764 razy
  • Średni wynik to 37 z 54

Statystyki odpowiedzi

LPKraje% Poprawnych
10Egipt
96%
34Niger
89%
29Maroko
88%
35Nigeria
87%
1Algieria
85%
36Republika Południowej Afryki
85%
45Sudan
84%
22Kongo
84%
26Madagaskar
84%
7Czad
81%
12Etiopia
81%
25Libia
81%
49Tunezja
80%
46Sudan Południowy
79%
20Kenia
79%
43Somalia
78%
2Angola
77%
40Senegal
76%
16Gwinea
76%
51Wybrzeże Kości Słoniowej
75%
54Zimbabwe
75%
8Demokratyczna Republika Konga
74%
28Mali
73%
53Zambia
73%
11Erytrea
71%
50Uganda
70%
18Gwinea Równikowa
69%
15Ghana
69%
30Mauretania
69%
47Tanzania
68%
37Republika Środkowoafrykańska
68%
19Kamerun
67%
23Lesotho
66%
32Mozambik
66%
48Togo
64%
4Botswana
64%
13Gabon
63%
39Rwanda
63%
17Gwinea Bissau
63%
41Seszele
61%
24Liberia
61%
14Gambia
60%
33Namibia
60%
9Dżibuti
59%
5Burkina Faso
59%
3Benin
56%
6Burundi
55%
31Mauritius
53%
42Sierra Leone
53%
21Komory
50%
27Malawi
49%
44Suazi
44%
38Republika Zielonego Przylądka
43%
52Wyspy Świętego Tomasza i Książęca
34%

Rozkład punktacji

Percentyl według liczby udzielonych odpowiedzi

Procent ludzi z każdym wynikiem

Twoja historia wyników

Nie rozwiązałeś tego quizu